|
|
|
|
| LEADER |
00836cam a2200229 7i4500 |
| 001 |
0000033273 |
| 005 |
20200604090000.0 |
| 008 |
110301 eng |
| 020 |
|
|
|a 9780470760406 (pbk.)
|
| 090 |
0 |
0 |
|a RJ496.A5
|b R44 2009
|
| 100 |
1 |
|
|a Reid, Gavin
|
| 245 |
1 |
0 |
|a Dyslexia :
|b a practitioner's handbook
|c Gavin Reid.
|
| 250 |
|
|
|a 4th ed.
|
| 260 |
|
|
|a West Sussex, UK:
|b Wiley-Blackwell,
|c 2009.
|
| 300 |
|
|
|a Includes bibliographical references and index.
|
| 300 |
|
|
|a xx, 388 p.;
|c 25 cm.
|
| 650 |
0 |
0 |
|a Dyslexic children --
|x Popular works
|
| 650 |
0 |
0 |
|a Dyslexia --
|x Popular works
|
| 997 |
|
|
|a Health Sciences, Faculty
|
| 999 |
|
|
|a 0000041786
|b BOK
|c REFERENCE
|e Ground Floor, Bestari Jaya
|
| 999 |
|
|
|a 0000046667
|b BOK
|c REFERENCE
|e Ground Floor, Bestari Jaya
|
| 999 |
|
|
|a 0000049518
|b BOK
|c OPEN SHELF
|e 1st Floor, Shah Alam
|